Statistics for Top Destinations from Seattle Tacoma International Airport

Click here to take the quiz!

General Stats

  • This quiz has been taken 1,347 times
  • The average score is 13 of 20

Answer Stats

HintAnswer% Correct
739,000Los Angeles
97%
772,000San Francisco
94%
373,000Vancouver
84%
511,000Dallas-Fort Worth
82%
625,000Chicago (O'Hare)
81%
490,000Portland, OR
81%
757,000Denver
80%
369,000Tokyo (Narita)
79%
625,000Phoenix
75%
554,000Las Vegas
74%
196,000London (Heathrow)
69%
187,000Beijing
66%
706,000Anchorage
65%
236,000Seoul
60%
511,000Minneapolis-St. Paul
55%
141,000Calgary
52%
161,000Frankfurt
39%
230,000Amsterdam
36%
135,000Taipei
35%
163,000Victoria, BC
15%

Score Distribution

Percentile by Number Answered

Percent of People with Each Score

Your Score History

You have not taken this quiz